000 00699nam a22002297a 4500
003 UA-OsUOA
001 73307
007 ta
008 20110221b un ||||| |||| 00| 0 ukr d
100 _aЛютий І.
700 _aЮрчук О.
090 _a330(477)
_bЛ96
942 _cSA
040 _aUA-OsUOA
_bukr
_cUA-OsUOA
_dUA-OsUOA
245 _aФінансово-економічна криза 2008-2010 рр.: деякі чинники та уроки
300 _aС.10-17
955 _a0
041 _aukr
080 _a330(477)
773 0 _w73303
_tВісник Національного банку України
_dК.
_d2011
_g1
650 7 _a330 Економіка взагалі
_2UDC
999 _c359592
_d359592